Lý thuyết các quá trình luyện kim hỏa luyện. t.II /

محفوظ في:
التفاصيل البيبلوغرافية
المؤلف الرئيسي: Phùng Viết Ngư.
مؤلفون آخرون: Nguyễn Kim Thiết., Phùng Viết Ngư chủ biên., Phạm Kim Đĩnh.
التنسيق: Sách giấy
اللغة:Vietnamese
منشور في: H. : Giáo dục, 1997.
الوسوم: إضافة وسم
لا توجد وسوم, كن أول من يضع وسما على هذه التسجيلة!
Thư viện lưu trữ: Thư viện Trường Đại học Đà Lạt
LEADER 00795nam a2200289 4500
001 DLU110116202
005 ##20100323
040 # # |a DLU  |b vie 
041 # # |a vie 
044 # # |a vn 
082 # # |a 669.028 2  |b PH-N 
100 # # |a Phùng Viết Ngư. 
245 # # |a Lý thuyết các quá trình luyện kim hỏa luyện.  |n t.II /  |c Phùng Viết Ngư chủ biên, Phạm Kim Đĩnh,Nguyễn Kim Thiết . 
260 # # |a H. :  |b Giáo dục,  |c 1997. 
300 # # |a  184tr. ;  |c  27cm. 
700 # # |a Nguyễn Kim Thiết. 
700 # # |a Phùng Viết Ngư chủ biên. 
700 # # |a Phạm Kim Đĩnh. 
992 # # |a 13.400đ 
994 # # |a DLU 
900 # # |a True 
911 # # |a Phan Thị Mỹ Thảo 
925 # # |a G 
926 # # |a A 
927 # # |a SH 
980 # # |a Thư viện Trường Đại học Đà Lạt